|
|
|
|
| LEADER |
00000naa0a2200000 4500 |
| 001 |
594989 |
| 005 |
20250220131158.0 |
| 035 |
|
|
|a (RuTPU)RU\TPU\tpu\12371
|
| 090 |
|
|
|a 594989
|
| 100 |
|
|
|a 20050615d1986 k y0rusy50 ca
|
| 101 |
0 |
|
|a rus
|
| 102 |
|
|
|a RU
|
| 200 |
1 |
|
|a Бестрансформаторные выпрямители с улучшенными энергетическими показателями
|f Б. А. Багинский, М. Л. Трубников
|
| 463 |
|
|
|t Проблемы электромагнитной совместимости силовых полупроводниковых преобразователей
|o тезисы докладов 3 Всесоюзного научно-технического совещания
|v С. 73-75
|d 1986
|
| 610 |
1 |
|
|a бестрансформаторные выпрямители
|
| 610 |
1 |
|
|a энергетические показатели
|
| 610 |
1 |
|
|a труды учёных ТПУ
|
| 700 |
|
1 |
|a Багинский
|b Б. А.
|
| 701 |
|
1 |
|a Трубников
|b М. Л.
|
| 801 |
|
1 |
|a RU
|b 63413507
|c 20050615
|g PSBO
|
| 801 |
|
2 |
|a RU
|b 63413507
|c 20100429
|g RCR
|
| 942 |
|
|
|c BK
|